| 000 | 00446nam a2200145Ia 4500 | ||
|---|---|---|---|
| 008 | 230917s9999||||xx |||||||||||||| ||und|| | ||
| 040 |
_e94795 _aMAIN |
||
| 041 | _aEnglish | ||
| 082 | _a617 S64R | ||
| 100 | _aSingla, Satya Narain | ||
| 245 | 0 | _aRole of povidone-iodine irrigation in the prevention of wound infection in contaminated and dirty abdominal surgical procedures | |
| 260 |
_aRohtak _bM D University |
||
| 300 | _a64 p. | ||
| 942 | _cTH | ||
| 999 |
_c47991 _d47991 |
||